Les clubs ayant le plus de matchs joués en Ligue des Champions. - Statistiques

Statistiques générales
  • Ce quiz a été pris 169 fois
  • Le résultat moyen est 19 sur 20
Statistiques - réponses
Matchs joués Pays Clubs % Correct
283 Italie AC Milan
100%
363 Espagne FC Barcelone
100%
503 Espagne Réal Madrid
100%
408 Allemagne Bayern Munich
99%
258 Angleterre FC Liverpool
99%
311 Italie Juventus Turin
99%
299 Angleterre Manchester United
99%
247 Pays-Bas Ajax Amsterdam
98%
225 Angleterre FC Arsenal
98%
277 Portugal FC Porto
98%
197 Allemagne Borussia Dortmund
97%
201 Angleterre FC Chelsea
97%
227 Italie Inter Milan
97%
304 Portugal SL Benfica
97%
238 Ecosse Celtic Glasgow
96%
211 Pays-Bas PSV Eindhoven
91%
191 Turquie SK Galatasaray
91%
261 Ukraine Dynamo Kiev
86%
200 Belgique RSC Anderlecht
77%
186 Grèce FC Olympiakos
74%
Aucun quiz correspondant
Distribution des résultats
% des personnes avec chaque résultat
Percentile par nombre de réponses
Votre historique - résultats
Vous n’avez pas pris ce quiz